banner-ar

الاصول الفلسفية لاخلاقيات الطب / (Record no. 60636)

MARC details
000 -الفاتح
حقل البيانات ثابتة الطول 01061nam a22003137a 4500
005 - وقت وتاريخ اخر تعامل مع التسجيلة
رقم الضبط 20240530110420.0
008 - عناصر البيانات ثابتة الطول - معلومات عامة
حقل البيانات ثابتة الطول 140915s2011 ua f 000 0 ara d
017 ## - رقم الايداع القانونى
رقم الايداع القانونى 2010/15465
المصدر ( الهيئة المختصة) مصر . دار الكتب المصرية
020 ## - الرقم الدولى المعيارى للكتب
الرقم الدولى المعيارى للكتاب 9789773287578
040 ## - مصدر الفهرسة
وكالة الفهرسة الأصلية EG-CaGPL
082 04 - رقم تصنيف ديوى العشرى
رقم الطبعة 21
رقم التصنيف 174.2\
رقم المادة ع ا
100 0# - المدخل الرئيسى - إسم شخصى
الإسم الشخصى عادل عوض
245 12 - بيان العنوان
العنوان الاصول الفلسفية لاخلاقيات الطب /
بيان المسئوليه,etc عادل عوض
260 ## - PUBLICATION, DISTRIBUTION, ETC. (IMPRINT)
تاريخ النشر أو التوزيع 2011
300 ## - الوصف المادى
التعداد 244 ص ؛
أبعاد الوعاء 24 سم
600 0# - المدخل الاضافى بالموضوع-اسم شخصى
الإسم الشخصى كارل ماركس .
600 0# - المدخل الاضافى بالموضوع-اسم شخصى
الإسم الشخصى جون ماينارد .
600 0# - المدخل الاضافى بالموضوع-اسم شخصى
الإسم الشخصى الفريد مارشال .
600 0# - المدخل الاضافى بالموضوع-اسم شخصى
الإسم الشخصى ادم سميث .
650 04 - المدخل الاضافى بالموضوع-مصطلح موضوعى
مصطلح موضوعي الطيور
التقسيم الفرعي العام علم
650 04 - المدخل الاضافى بالموضوع-مصطلح موضوعى
مصطلح موضوعي الوراثة
650 04 - المدخل الاضافى بالموضوع-مصطلح موضوعى
مصطلح موضوعي الاستنساخ
650 04 - المدخل الاضافى بالموضوع-مصطلح موضوعى
مصطلح موضوعي الطب
التقسيم الفرعي العام اخلاقيات
650 04 - المدخل الاضافى بالموضوع-مصطلح موضوعى
مصطلح موضوعي الوراثة
التقسيم الفرعي العام خصائص
650 04 - المدخل الاضافى بالموضوع-مصطلح موضوعى
مصطلح موضوعي فسيولوجيا الوراثة
650 04 - المدخل الاضافى بالموضوع-مصطلح موضوعى
مصطلح موضوعي الوراثة
التقسيم الفرعي العام خصائص
942 ## - عناصر المدخل الإضافي( كوها)
مصدر التصنيف او مخطط الترفيف Dewey Decimal Classification
Koha [default] item type كتاب
260 ## - PUBLICATION, DISTRIBUTION, ETC. (IMPRINT)
-- الاسكندرية :
-- دار الجامعة الجديدة ،
Holdings
حالة التراجع حالة الفقد حالة تلف ليس للاعارة المكان المؤقت الموقع الحالى تاريخ الاكتساب اجمالي اﻻعارات رقم الطلب الباركود تاريخ اخر مشاهدة تاريخ تفعيل السعر نوع وعاء كوها
        مكتبة القاهرة الكبرى مكتبة القاهرة الكبرى 03/10/2015   174.2\ ع ا 159735 03/10/2015 03/10/2015 كتاب

Powered By

EGPV